European cup/Uefa Champions League quarter-finalists - Statistics

General Stats
  • This quiz has been taken 28 times
  • The average score is 73 of 136
Answer Stats
% Correct
Italy AC Milan
100%
Netherlands AfC Ajax
100%
Spain Club Atlético de Madrid
100%
Spain FC Barcelona
100%
Italy FC Internazionale
100%
Italy Juventus FC
100%
England Liverpool FC
100%
England Manchester United FC
100%
Spain Real Madrid CF
100%
Portugal SL Benfica
100%
England Arsenal FC
96%
Germany Bayer 04 Leverkusen FG
96%
England Chelsea FC
96%
Germany FC Bayern München
96%
England Manchester City FC
96%
France Paris Saint-Germain FC
96%
England Aston Villa FC
93%
Germany Bv Borussia 09 Dortmund
93%
Scotland Celtic FC
93%
Portugal FC Porto
93%
Netherlands PSV
93%
Scotland Rangers FC
93%
Belgium RSC Anderlecht
93%
Spain Valencia CF
93%
Ukraine FC Dynamo Kyiv
89%
Netherlands Feyenoord Rotterdam
89%
Turkey Galatasaray SK
89%
Italy AS Roma
85%
Belgium Club Brugge KV
85%
Yugoslavia FK Crvena Zvezda
85%
France Olympique de Marseille
85%
France Olympique Lyonnais
85%
Czechoslovakia AC Sparta Praha
81%
France AS Monaco
81%
France FC Girondins de Bordeaux
81%
Russia FC Spartak Moscow
81%
England Tottenham Hotspur FC
81%
Greece Panathinaikos FC
78%
Spain Athletic Club Bilbao
74%
England Everton FC
74%
West Germany Hamburger FC
74%
Poland Legia Warszawa
74%
France AS Saint-Étienne
70%
Ukraine FC Shakhtar Donetsk
70%
Turkey Fenerbahçe SK
70%
Bulgaria CSKA Sofia
67%
France FC Nantes
67%
England Nottingham Forest FC
67%
Spain RC Deportivo La Coruña
67%
Spain Sevilla FC
67%
Italy SSC Napoli
67%
Italy SS Lazio
67%
Scotland Aberdeen FC
63%
Romania CSA Steaua București
63%
Yugoslavia FK Partizan
63%
Sweden IFK Göteborg
63%
Belgium Royal Standard Liège
63%
France Stade de Reims
63%
Italy ACF Fiorentina
59%
Cyprus Apoel FC
59%
West Germany Eintracht Frankfurt
59%
Switzerland FC Basel
59%
Germany FG Schalke 04
59%
Croatia HNK Hajduk Split
59%
England Leeds United FC
59%
Germany RB Leipzig
59%
West Germany 1. FC Köln
56%
Switzerland BSC Young Boys
56%
Russia CSKA Moscow
56%
England Leicester City FC
56%
Spain Real Sociedad de Fútbol
56%
Austria SK Rapid Wien
56%
Portugal Sporting Cube de Portugal
56%
Germany VfL Wolfsburg
56%
Greece AEK FC
52%
Turkey Beşiktaş JK
52%
West Germany Borussia VfL Mönchengladbach
52%
Hungary Ferencvárosi TC
52%
Greece Olympiacos FC
52%
Norway Rosenborg BK
52%
Switzerland FC Zürich
48%
France OGC Nice
48%
East Germany SG Dynamo Dresden
48%
Germany SV Werder Bremen
48%
Italy UC Sampdoria
48%
Germany 1. FC Kaiserslautern
44%
France AJ Auxerre
44%
Spain Málaga CF
44%
Austria FK Austria Wien
41%
Scotland Hibernian FC
41%
Spain Villarreal CF
41%
England Wolverhampton Wanderers FC
41%
Italy Atalanta BC
37%
Scotland Dundee United FC
37%
Denmark Brøndby IF
33%
England Derby County
33%
Poland TS Wisła Kraków
33%
Romania FC Dinamo București
30%
West Germany 1. FC Nürnberg
26%
Denmark Aarhus GF
26%
Czechoslovakia Dukla Praha
26%
Soviet Union FC Dnipro Dnipropetrovsk
26%
Belgium KV Mechelen
26%
Hungary Újpesti Dózsa SC
26%
France RC Strasbourg
22%
Poland RTS Widzew Łódź
22%
England Burnley FC
19%
Czechoslovakia FC Spartak Trnava
19%
Switzerland Grasshoppers CZ
19%
Sweden Malmö FF
19%
Netherlands Sparta Rotterdam
19%
Scotland Dundee FC
15%
East Germany FC Carl Zeiss Jena
15%
Hungary Győri ETO FC
15%
Hungary Vasas SC
15%
Austria FC Wacker Innsbruck
11%
Yugoslavia FK Vojvodina
11%
Northern Ireland Linfield FC
11%
Hungary Vörös Lobogó SE
11%
East Germany Berliner FC Dynamo
7%
Sweden Djurgårdens IF
7%
West Germany Eintracht Braunschweig
7%
Soviet Union FC Ararat Yerevan
7%
Czechoslovakia FC Baník Ostrava
7%
Soviet Union FC Dinamo Minsk
7%
Poland Górnik Zabrze
7%
Poland KS Ruch Chorzów
7%
Netherlands AFC DWS
4%
East Germany SC Wismut Karl-Marx-Stadt
4%
Romania Universitatea Craiova
4%
Sweden Åtvidabergs FF
0%
Czechoslovakia DSO Spartak Hradec Králové
0%
Finland FC Kuusysi
0%
East Germany FC Vorwärts Berlin
0%
Sweden IFK Malmö
0%
Austria Wiener SC
0%
No matching quizzes found
Score Distribution
Percent of People with Each Score
Percentile by Number Answered
Your Score History
You have not taken this quiz